Rondas y cuentos / (Registro nro. 9794)
[ vista simple ]
| 000 -LIDER | |
|---|---|
| fixed length control field | 00624nam a22002411i 4500 |
| 001 - NÚMERO DE CONTROL | |
| Identificador de número de control | 01192380 |
| 003 - IDENTIFICACDOR DE NÚMERO DE CONTROL | |
| control field | DO-SdBNP |
| 005 - DATE AND TIME OF LATEST TRANSACTION | |
| control field | 20180205134708.0 |
| 008 - ELEMENTOS DE LONGITUD FIJA | |
| fixed length control field | 930725s1979 cu spa |
| 016 7# - NO. DE CONTROL DE LA AGENCIA BIB. NACIONAL | |
| Record control number | |
| Canceled/invalid record control number | |
| Source | BPMSU |
| 035 ## - NÚMERO LOCAL | |
| System control number | |
| 040 ## - FUENTE DE CATALOGACIÓN | |
| Agencia que crea de manera original el registro | BPMSU |
| Idioma de catalogación | spa |
| Agencia que realiza la transcripción | BPMSU |
| 080 #0 - NÚMERO DE CLASIFICACIÓN DECIMAL UNIVERSAL | |
| Universal Decimal Classification number | |
| 100 1# - ASIENTO PRINCIPAL -- NOMBRE PERSONAL | |
| Nombre personal | Mistral, Gabriela |
| Fechas asociadas con el nombre | 1889-1957 |
| 245 10 - MENCIÓN DE TITULO | |
| Título | Rondas y cuentos / |
| Medio (Designación general de material) | |
| Mención de responsabilidad | Gabriela Mistral |
| 260 ## - PUBLICACIÓN, DISTRIBUCIÓN, ETC. (PIE DE IMPRENTA) | |
| Lugar de publicación, distribución, etc | La Habana : |
| Nombre del editor, distribuidor, etc. | Arte y Literatura, |
| Fecha de publicación, distribución, etc | 1979 |
| 300 ## - DESCRIPCIÓN FÍSICA | |
| Extensión | 36 p.: |
| Dimensiones | 18 cm |
| 490 0# - MENCIÓN DE SERIES | |
| Mención de serie | "Caracol" Poesía |
| 830 ## - ASIENTO SECUNDARIO DE SERIE--TÍTULO UNIFORME | |
| Título uniforme | "Caracol" Poesía |
| 942 ## - ADDED ENTRY ELEMENTS (KOHA) | |
| Source of classification or shelving scheme | Dewey Decimal Classification |
| Koha item type | Libros |
| 945 ## - INFORMACIÓN DE PROCESAMIENTO LOCAL | |
| Información de procesamiento local | Inventariado, 2018/ YL |
| 956 ## - LOCAL ELECTRONIC LOCATION AND ACCESS (OCLC) | |
| Nombre de host | dgarcia |
| Withdrawn status | Lost status | Source of classification or shelving scheme | Damaged status | Not for loan | Collection code | Home library | Current library | Date acquired | Source of acquisition | Total Checkouts | Barcode | Date last seen | Price effective from | Koha item type |
|---|---|---|---|---|---|---|---|---|---|---|---|---|---|---|
| Dewey Decimal Classification | Colección General | Biblioteca Pública Metropolitana Salomé Ureña | Biblioteca Pública Metropolitana Salomé Ureña | 04/14/2016 | FUNDI | BPMSU16040470 | 04/14/2016 | 04/14/2016 | Libros |